000 00521nam a2200169 a 4500
001 000040062
005 20201002033908.0
008 130805s1981 sp a 000 0 spa d
020 _a8423927121
040 _aDO-SdBNP
_bspa
_cBNPHU
100 1 _aRobles, Antonio
_966317
245 1 0 _aCuentos de las cosas que hablan /
_cAntoniorrobles ; ilustraciones de Juan Ramón Alonso.
250 _a2a ed.
260 _aMadrid :
_bEspasa-Calpe,
_c1981.
300 _a183 p. :
_bils. ;
_c18 cm.
700 1 _aAlonso, Juan Ramón
_966318
999 _c39552
_d39552